Title In The Taylor Swift Lyrics - Statistics

General Stats
  • This quiz has been taken 38 times
  • The average score is 16 of 20
Answer Stats
Lyric Song % Correct
Only bought this _____ so you could take it off / Take it off, ha, ha, ha-ah Dress
100%
I like shiny things, but I'd marry you with _____ _____ Paper Rings
100%
It must be exhausting always rooting for the ____ ____ Anti-Hero
97%
____ _____ __, love made me crazy / If it doesn't, you ain't doin' it right Don't Blame Me
97%
But I can see us lost in the memory / ______ slipped away into a moment in time august
93%
I need to say, hey, it’s all me, just don't go / Meet me in the _________ Afterglow
87%
____ ____, I see it all now that you're gone / Don't you think I was too young to be messed with? Dear John
83%
____ ____ the walls we crashеd through / How the kingdom lights shined just for me and you Long Live
80%
And I said, "____, ____, ____" / I've been loving you for quite some time, time, time Stay Stay Stay
80%
Lay the table with the fancy shit / And watch you ________ __ tolerate it
80%
And I'm sitting on a bench in _____ ______ / Wondering, where did my baby go? coney island
77%
As far as I'm concerned, you're just another _______ __ ____ Picture To Burn
77%
Now it's too late for you and your _____ _____ / To come around White Horse
77%
Don't look at me, you got a ____ __ ____ / And everybody knows that, everybody knows that Girl At Home
73%
Your faithless love's the only ____ I believe in hoax
70%
Hands in the hair of somebody in darkness / Named _____ __ ___ __ ______ __ ______ Chloe or Sam or Sophia or Marcus
67%
And for a _________ there, we were forever / Run into you sometimes, ask about the weather Fortnight
67%
Bye, bye to everything I thought was on my side / ___, ___, ____ Bye Bye Baby
57%
I didn't come here to make friends / We were born to be ________ _______ Suburban Legends
53%
____ ______, if it feels like a trap / You're already in one Dear Reader
47%
No matching quizzes found
Score Distribution
Percent of People with Each Score
Percentile by Number Answered
Your Score History
You have not taken this quiz